| 000 | 00969nam0a2200277 i 4500 | ||
|---|---|---|---|
| 001 | RU\NLR\BIBL_A\011211192 | ||
| 005 | 20240727041218.0 | ||
| 010 |
_a9785000584026 _946 |
||
| 021 |
_aRU _b2016-65408 _94184 |
||
| 035 | _a(NLR Aleph) 011211192 | ||
| 090 |
_a11973432 _c11973432 |
||
| 100 | _a20160912d2016 u y0rusy50 ca | ||
| 101 | 0 | _arus | |
| 102 | _aRU | ||
| 105 | _a z 000 y | ||
| 200 | 1 |
_aНевыдуманные истории _fЮрий Теслев |
|
| 210 |
_aМосква _cЭдитус _d2016 |
||
| 215 |
_a103 с. _cил., портр. _d21 |
||
| 327 | 1 | _aСодерж.: разделы: Рождественские рассказы; Невыдуманные истории; С любовью к природе; Время великих свершений | |
| 686 | 2 | _aШ6(2=Р)8-440.5 | |
| 700 | 1 |
_aТеслев _bЮ. _f1947- _gЮрий |
|
| 942 | _cBOOK | ||
| 980 | _aNBR | ||